Transport theory and statistical physics.

Bibliographic Details
New Title:Journal of computational and theoretical transport (Online)
Uniform Title:Transport theory and statistical physics (Online)
Format: Journal
Language:English
Published: New York, NY : Marcel Dekker, 1971-2013.
Philadelphia, PA : Taylor & Francis.
Subjects:
Online Availability: Check for online availability

MARC

Tag First Indicator Second Indicator Subfields
LEADER 00000cas a22000007a 4500
001 in00001697313
005 20151024160745.0
006 m o d
007 cr cnu||||||||
008 021008d19712013paubx pso 0 a0eng
010 |a  00213102  
016 7 |a 013363619  |2 Uk 
019 |a 48875992 
022 0 |a 1532-2424  |l 0041-1450  |y 0041-1450  |2 1 
029 1 |a OCLCS  |b 36294 
029 1 |a OCLCS  |b OP-1054 
029 1 |a NZ1  |b 5962583 
029 1 |a NZ1  |b 12398004 
029 1 |a AU@  |b 000044934548 
029 1 |a AU@  |b 000045728852 
029 1 |a CHVBK  |b 120484633 
029 1 |a CHDSB  |b 006096864 
035 |a (OCoLC)ocm45441509 
035 |a (OCoLC)45441509  |z (OCoLC)48875992 
037 |b Marcel Dekker, Inc., P.O. Box 5017, Monticello, NY 12701-5176 
037 |b Taylor & Francis Group, LLC, 325 Chestnut Street, Ste. 800, Philadelphia, PA 19106 
040 |a NSD  |b eng  |c NSD  |d OCLCQ  |d F#A  |d COU  |d OCLCQ  |d MYG  |d UKMGB  |d DLC  |d OCLCQ  |d OCLCF  |d CHVBK  |d TXA  |d UtOrBLW 
042 |a pcc  |a nsdp 
049 |a TXAM 
050 4 |a QC175.2  |b .T73 Electronic 
082 1 0 |a 531  |2 14 
082 0 4 |a 531.1137 
130 0 |a Transport theory and statistical physics (Online) 
210 0 |a Transp. theory stat. phys.  |b (Online) 
222 0 |a Transport theory and statistical physics  |b (Online) 
245 1 0 |a Transport theory and statistical physics. 
264 1 |3 -Vol. 33, no. 2:  |a New York, NY :  |b Marcel Dekker,  |c 1971-2013. 
264 3 1 |3 Vol. 33, issue 3/4-Vol. 42, issue 6/7:  |a Philadelphia, PA :  |b Taylor & Francis. 
310 |a Seven no. a year,  |b 1996- 
321 |a Frequency varies,  |b 1971-1995 
336 |a text  |b txt  |2 rdacontent 
337 |a computer  |b c  |2 rdamedia 
338 |a online resource  |b cr  |2 rdacarrier 
362 1 |a Print began with: Vol. 1 (Jan. 1971); ceased with: Vol. 42, issue 6/7 (2013). 
515 |a Some issues published in combined form. 
588 |a Description based on: Vol. 1, Iss. 1 (1971); title from caption (Taylor & Francis Online, viewed Sep. 12, 2011). 
588 |a Latest issue consulted: Vol. 42, issue 6/7 (2013) (Taylor & Francis Online, viewed March 25, 2015). 
500 |a Electronic resource. 
650 0 |a Transport theory  |v Periodicals. 
650 0 |a Statistical physics  |v Periodicals. 
650 7 |a Statistical physics.  |2 fast  |0 (OCoLC)fst01132076 
650 7 |a Transport theory.  |2 fast  |0 (OCoLC)fst01154987 
650 2 |a Physics  |x statistics & numerical data. 
655 7 |a Periodicals.  |2 fast  |0 (OCoLC)fst01411641 
776 0 8 |i Print version:  |t Transport theory and statistical physics  |x 0041-1450  |w (DLC) 71024370  |w (OCoLC)1695230 
785 0 0 |t Journal of computational and theoretical transport (Online)  |x 2332-4325  |w (DLC) 2013274104  |w (OCoLC)864195877 
949 |a updated  |b h  |c 2015/3/26  |e spoltoratski  |f 12:13:04 pm  |g m CF 
994 |a C0  |b TXA 
999 |a MARS 
999 f f |s c4ac5234-bfcd-3ee0-91fb-2982b953ea22  |i f305a2fe-0b85-3c3b-bbe7-d78fac70f83f  |t 0 
952 f f |a Texas A&M University  |b College Station  |c Electronic Resources  |d Available Online  |t 0  |e QC175.2 .T73  |g Electronic  |h Library of Congress classification 
998 f f |a QC175.2 .T73  |t 0  |l Available Online